01879 a2200181 45000010006000000050017000060080041000230030015000640400040000790800022001192450042001412500011001832640080001943000029002745051354003031000017016577000023016742816620260407155554.0260407a1972 arg spa dAR-UNSa-BCEJYS aAR-UNSa-BCEJYSbspacAR-UNSa-BCEJYS a657xContabilidad10aCurso de contabilidadpintroducción a3a. ed 1aMéxico :bUnión Tipográfica Editorial Hispano-Americana (UTEHA)c1972 a2v.(790; 474 p.)c23 cm. aVol I: 1. Activo, pasivo y capital - 2. Procedimientos básicos de la contabilidad - 3. Cambios en el capital. Cierre de libros - 4. Ajustes por gastos e ingresos acumulados. Hojas de trabajo - 5. Ajustes por ingresos y gastos diferidos. Hojas de trabajo - 6. Operaciones con mercancías - 7. Organización de los estados y del mayor - 8. Utiles técnicas de contabilidad - 9. Formas legales de organización mercantil - 10. Formas legales de organización mercantil (concluye) - 11. Efectivo e inversiones - 12. Cuentas y documentos por cobrar - 13. Contabilidad de inventarios - 14. Activo fijo - 15. Pasivo - 16. Principios de contabilidad - 17. Operaciones de manufactura - 18. Contabilidad de costos - 19. Datos de los costos y necesidades de la administración - 20. Análisis de los datos financieros - 21. Cambios en el nivel de precios y estados complementarios - 22. Estado de origen y aplicación de fondos - 23. Estados del flujo de efectivo y pronóstico del efectivo - 24. Operaciones departamentales y de sucursales - 25. Estados consolidados - 26. Control presupuestal y planeación de resultados - 27. La información contable como instrumento de la administración - 28. Importancia de tomar en consideración los efectos del impuesto sobre la renta - Vol. II: Respuestas a las preguntas y soluciones a los problemas 1 aFinney, H.A.1 aMiller, Herbert E.